| 000 | 00827nam a22002777a 4500 | ||
|---|---|---|---|
| 003 | CHAP | ||
| 005 | 20220329135928.0 | ||
| 008 | 971013s1958 r 00010 d | ||
| 010 | _a44260 | ||
| 011 | _a45232 | ||
| 035 | _a49371 | ||
| 040 | _cCHAP | ||
| 082 |
_a616.0756 _bT37 |
||
| 100 | 0 | 0 |
_aTarnoky, A. L. _9111704 |
| 245 | _aClinical biochemical methods | ||
| 260 |
_aLondon : _bHilger & Watts, _c1958 |
||
| 300 | _a239 p. | ||
| 590 |
_aBATCH-UPD _b10 _c20130110 _lUCH01 _h2150 |
||
| 590 |
_aBATCH-UPD _b10 _c20130410 _lUCH01 _h1458 |
||
| 590 |
_aBATCH-UPD _b10 _c20130914 _lUCH01 _h2042 |
||
| 590 |
_aCONVERSION _b10 _c20130109 _lUCH01 _h1324 |
||
| 650 | 1 | 4 |
_aMedicina clĂnica _xManuales de Laboratorio. _973917 |
| 901 | _aBK | ||
| 942 | _cLIBRO | ||
| 949 |
_a616.0756 T37 _bBC _cLIBRO _d33724000012852 _eLIBRO _h18432 _i49371 _si |
||
| 999 |
_c44260 _d44260 |
||